[Event "Katowice op"]
[Site "Katowice"]
[Date "1995.??.??"]
[Round "6"]
[White "Bozalkinski, Piotr"]
[Black "Slabek, Agnieszka"]
[Result "1-0"]
[WhiteElo "2095"]
[BlackElo "2105"]
[PlyCount "71"]
[EventDate "1995.??.??"]
[EventType "swiss"]
[EventRounds "9"]
[EventCountry "POL"]
[SourceTitle "EXT 2000"]
[Source "ChessBase"]
[SourceDate "1999.11.16"]
[SourceVersion "1"]
[SourceVersionDate "1999.11.16"]
[SourceQuality "1"]

1. d4 Nf6 2. Nc3 d5 3. Bg5 Nbd7 4. Nf3 g6 5. Qd3 Bg7 6. e4 dxe4 7. Nxe4 0-0 8. 0-0-0 Nxe4 9. Qxe4 Nf6 10. Bxf6 exf6 11. h4 h5 12. Bc4 Bf5 13. Qf4 c6 14. Nh2 b5 15. Bd3 Be6 16. g4 Qd5 17. b3 a5 18. Be4 Qd7 19. gxh5 f5 20. h6 Bh8 21. h7+ Kxh7 22. Nf3 fxe4 23. h5 Kg8 24. Ne5 Bxe5 25. dxe5 Qe7 26. Rdg1 a4 27. hxg6 f5 28. Rh7 Qa3+ 29. Kb1 Rfd8 30. Qh6 Qxa2+ 31. Kxa2 axb3+ 32. Kb1 bxc2+ 33. Kxc2 Ra2+ 34. Kb1 Rb2+ 35. Kxb2 Rd2+ 36. Qxd2 1-0